01960cam a22002535a 45000010009000000050017000090080041000260100017000670200030000840400033001140820020001471000021001672450042001882600034002303000034002645040067002985201112003656500028014776510010015056530024015159420008015399990017015479520142015641801605120161015152241.0140123s2015 enka frb 001 0 eng d a 2013046151 a9780415686617 (paperback) aDLCbengcDLCdDLCdEG-ScBUE04a070.49bBRA2221 aBradford, Julie.10aFashion journalism /cJulie Bradford. aAbingdon :bRoutledge,c2015. axiv, 266 p. :bill. ;c25 cm. aIncludes bibliographical references (pages 253-263) and index. a"Fashion Journalism is an introduction to how fashion journalism operates and how to report on fashion. It encompasses skills for print and online media, and includes both written and visual reports (video, photography). Taking a strong real world approach, this textbook includes many case studies and interviews with fashion journalists working for newspapers, magazines, broadcast and websites, and with stylists, PR executives, photographers and bloggers. Their explanations of their roles and their practical tips and advice will be accompanied by analysis of examples of their work. The business of fashion and fashion PR will be explained for the trainee journalist, with the focus of the book being on offering practical guidance on how to report effectively on fashion - from sources and research to writing and layout. Each chapter will include suggested exercises and further reading. Covering every aspect from the law and ethics to using social media, from fashion theory to reporting the catwalk, this text offers everything a student or trainee needs to know to excel in fashion journalism"-- 0aFashion writing.2BUEsh 2BUEsh bCOMAMEcOctober2016 2ddc c22589d22561 00102ddc40708AcademicaMAINbMAINcLOWd2016-10-15ePurchaseg378.00h5138l0o070.49 BRAp000034089r2025-07-15 00:00:00v472.50yBB